| 000 | 00813nam a2200217Ii 4500 | ||
|---|---|---|---|
| 003 | JO-AjNU | ||
| 008 | 230605s9999||||xx |||||||||||||| ||und|| | ||
| 017 | _a1997/7/1001 | ||
| 040 |
_aJO-AjNU _bara _erda _cJO-AjNU |
||
| 041 | _aara | ||
| 050 | 1 | 4 | _aPJ7838.R3.Z4647 1998 |
| 100 | 3 |
_aتأليف الإيراني، محمود سيف الدين, _eauthor _946210 |
|
| 245 | 0 | 0 | _aمحمود سيف الدين الإيراني الأعمال الأدبية الكاملة في ثلاثة مجلدات، المجلد الأول |
| 250 | _aط1 | ||
| 264 | 3 | 1 | _aعمان:مؤسسة عبد الحميد شومان،1998 |
| 300 | _aمج1، 751ص | ||
| 336 |
_atext _btxt _2rdacontent |
||
| 337 |
_aunmediated _bn _2rdamedia |
||
| 338 |
_avolume _bnc _2rdacarrier |
||
| 650 | 4 |
_aالأدب العربي - قصص _946211 |
|
| 999 |
_aA20086 _c23654 _d23654 |
||